Classifica Serie B 2020-2021 - Statistics

Statistiche generali
  • Questo quiz è stato fatto 32 volte
  • Il punteggio medio è 14 su 20
Statistiche sulle risposte
Squadra Punti Vinte Pareggiate Perse Gol fatti Gol subiti % Corretto
Brescia 56 15 11 12 61 53
90%
Cremonese 48 12 12 14 46 44
85%
Lecce 62 16 14 8 68 47
85%
Reggina 50 12 14 12 42 45
85%
Venezia 59 15 14 9 53 39
85%
Ascoli 44 11 11 16 37 48
80%
Monza 64 17 13 8 51 33
75%
Pisa 48 11 15 12 54 59
70%
Salernitana 69 19 12 7 46 34
70%
SPAL 56 14 14 10 44 42
70%
Cosenza 35 6 17 15 29 47
65%
Empoli 73 19 6 3 68 35
65%
Frosinone 50 12 14 12 38 42
65%
Pescara 32 7 11 20 29 60
65%
Reggiana 34 9 7 22 31 57
65%
Vicenza 48 11 15 12 48 53
60%
Cittadella 57 15 12 11 48 35
55%
Pordenone 45 10 15 13 40 39
55%
ChievoVerona 56 14 14 10 50 37
50%
Virtus Entella 23 4 11 23 30 64
35%
Nessun quiz corrispondente trovato
Distribuzione punteggi
Percentuale di utenti per punteggio
Percentile per numero di risposta
I tuoi punteggi nel tempo
Non hai fatto questo quiz